The church, the body of Christ: (Record no. 5842)

000 -LEADER
fixed length control field 00627nam a2200181 a 4500
001 - CONTROL NUMBER
control field :::00003584$&:&@@
003 - CONTROL NUMBER IDENTIFIER
control field OkBaRHE
005 - DATE AND TIME OF LATEST TRANSACTION
control field 20000607103308.0
008 - FIXED-LENGTH DATA ELEMENTS--GENERAL INFORMATION
fixed length control field s1959 j 000 0 eng u
040 ## - CATALOGING SOURCE
Transcribing agency
100 1# - MAIN ENTRY--PERSONAL NAME
Personal name Tanner, Paul A.
245 14 - TITLE STATEMENT
Title The church, the body of Christ:
Remainder of title the epistle to the Ephesians speaks to us.
260 ## - PUBLICATION, DISTRIBUTION, ETC. (IMPRINT)
Place of publication, distribution, etc Anderson, IN., :
Name of publisher, distributor, etc The Warner Press
Date of publication, distribution, etc c1959
300 ## - PHYSICAL DESCRIPTION
Extent 111 p. ;
Dimensions 19 cm.
650 ## - SUBJECT ADDED ENTRY--TOPICAL TERM
Topical term or geographic name as entry element Bible New Testament Ephesians
General subdivision Criticism, Interpretation, etc.
942 ## - ADDED ENTRY ELEMENTS (KOHA)
Source of classification or shelving scheme
Koha item type Books
Copies
Withdrawn status Barcode Shelving location Source of classification or shelving scheme Date last seen Not for loan Price effective from Koha item type Copy number Damaged status Lost status Date acquired Permanent Location Full call number
 3584General Stacks 2018-04-03 2010-04-14Books1  2010-04-14RHEMA Bible Training CollegeBS 2695 .T287